Analysis Conciliorum Generalium, et Particularium, continens eorum Canones super Dogmate, Morali Doctrina ac Disciplina ... e Gallico in Latinum Idioma transtulit ... Joannes Antonius Dalmasus ... Tomus 4.

Main Author: Richard, Carolus Ludovicus
Other Authors: Dalmasus, Johannes Antonius, činný 18. století
Language: Latin
Published: Augustae Vindel. : sumpt. Matthaei Rieger filiorum, 1778
Physical Description: XVI, 1085 s. ; 8°
Book
Saved in:
LEADER 01035nam a22002897a 4500
001 mzk03001220490
003 CZ BrMZK
005 20151006142748.0
007 ta
008 150901s1778 gw fr|||||00| ||latod
040 |a BOA001  |b cze  |c BOA001 
041 1 |a lat  |h spa 
072 7 |a 094  |x Staré tisky  |2 Konspekt  |9 12 
080 |a (0.068)094  |2 MRF 
100 1 |a Richard, Carolus Ludovicus  |4 aut 
245 1 0 |a Analysis Conciliorum Generalium, et Particularium, continens eorum Canones super Dogmate, Morali Doctrina ac Disciplina ... e Gallico in Latinum Idioma transtulit ... Joannes Antonius Dalmasus ...  |n Tomus 4. 
260 |a Augustae Vindel. :  |b sumpt. Matthaei Rieger filiorum,  |c 1778 
300 |a XVI, 1085 s. ;  |c 8° 
655 7 |a staré tisky  |7 fd422076  |2 czenas 
700 1 |a Dalmasus, Johannes Antonius,  |d činný 18. století  |7 xx0094089  |4 trl 
903 |a RP 
910 |a BOE452  |b Mn 
978 |b Rieger, Matthäus a synové  |a Augsburg  |c 1778 
984 |a Augsburg  |b Německo 
985 |a 1751-1800 
990 |a BK 
991 |k minorite